Szczegóły MARC21

Normy żywienia człowieka : podstawy prewencji otyłości i chorób niezakaźnych /

003 -Nazwa inst., której nr kontr. jest w polu 001 [,]
    • @
    • Nazwa instytucji, której n kontrolny jest w polu 001
    • NUKAT
005 -DATA I CZAS OSTATNIEJ MODYFIKACJI [,]
    • @
    • pole kontrolne
    • 20250305213508.0
020 -Międzynarod. znormalizowany nr książki - ISBN [ , ]
    • a
    • Numer ISBN
    • 9788320034219 Find
040 -Instytucja sporządzająca opis [ , ]
    • a
    • Instytucja, która sporządziła opis (NP)
    • GDY 17/IK
    • c
    • Instytucja, która sporządziła rekord (NP)
    • GDY 17/IK
    • d
    • Instytucja, która zmodyfikowała rekord (P)
    • GDY 17/IK
942 -Rodzaj dokumentu [ , ]
    • c
    • Rodzaj dokumentu
    • Książka
100 -Hasło główne - nazwa osobowa [1, ]
    • a
    • Nazwa osobowa (NP)
    • Bułhak-Jachymczyk, Barbara
    • d
    • Daty biograficzne (NP)
    • (19..-2019).
    • 9
    • KHW
    • 71184
245 -Strefa tytułu i oznaczenia odpowiedzialności [1,0]
    • a
    • Tytuł
    • Normy żywienia człowieka : Find
    • b
    • Ciąg dalszy tytułu (NP)
    • podstawy prewencji otyłości i chorób niezakaźnych / Find
    • c
    • Pozostałe elementy strefy tytułu i oznaczenia odpowiedzialności (NP)
    • redakcja naukowa Mirosław Jarosz, Barbara Bułhak-Jachymczyk ; [aut. Barbara Bułhak-Jachymczyk, Elżbieta Chabros, Jadwiga Charzewska, Zofia Chwojnowska, Katarzyna Figurska, Mirosław Jarosz, Longina Kłosiewicz-Latoszek, Hanna Kunachowicz, Hanna Mojska, Grażyna Nowicka, Maciej G. Ołtarzewski, Małgorzata Paczkowska, Bogumiła Panczenko-Kresowska, Beata Przygoda, Wioleta Respondek, Małgorzata Rogalska-Niedźwiedź, Ewa Rychlik, Włodzimierz Sekuła, Katarzyna Stoś, Wiktor B. Szostak, Dorota Szostak-Węgierek, Lucjan Szponar, Iwona Traczyk, Bożena Wajszczyk, Alicja Walkiewicz, Anna Wojtasik..
250 -Strefa wydania [ , ]
    • a
    • Oznaczenie wydania (NP)
    • Wyd. 1, 4 dodr.
260 -Strefa adresu wydawniczego [ , ]
    • a
    • Miejsce wydania (P)
    • Warszawa :
    • b
    • Nazwa wydawcy (P)
    • Wydawnictwo Lekarskie PZWL :
    • b
    • Nazwa wydawcy (P)
    • Instytut Żywności i Żywienia,
    • c
    • Data wydania (P)
    • 2015.
300 -Strefa opisu fizycznego [ , ]
    • a
    • Określenie formy książki i/lub objętość (NP)
    • 459, [1] s. :
    • b
    • Oznaczenie ilustracji (NP)
    • il. ;
    • c
    • Format (NP)
    • 24 cm.
336 -Typ zawartości [ , ]
    • a
    • Termin opisujący typ zawartości
    • Tekst
    • b
    • Kod określający zawartość
    • txt
    • 2
    • Źródło (terminu i kodu)
    • rdacontent
337 -Typ mediów [ , ]
    • a
    • Tryb odtwarzania
    • Bez urządzenia pośredniczącego
    • b
    • Kod typu mediów
    • n
    • 2
    • Źródło (terminu i kodu)
    • rdamedia
338 -Typ/rodzaj nośnika [ , ]
    • a
    • Hasło opisujące typ nośnika
    • Wolumin
    • b
    • Kod typu nośnika
    • nc
    • 2
    • Źródło (terminu i kodu)
    • rdacarrier
504 -Uwaga dot. bibliogr. załącznikowej [ , ]
    • a
    • Uwaga dot. bibliografii załącznikowej
    • Bibliogr. przy rozdz. Indeks.
650 -Hasło przedmiotowe [ ,7]
    • a
    • Hasło przedmiotowe
    • Żywienie
    • x
    • Określnik rzeczowy
    • normy.
    • 2
    • Źródło terminu
    • kaba
    • 9
    • KHW
    • 378829
650 -Hasło przedmiotowe [ ,7]
    • a
    • Hasło przedmiotowe
    • Otyłość
    • x
    • Określnik rzeczowy
    • aspekt żywieniowy.
    • 2
    • Źródło terminu
    • kaba
    • 9
    • KHW
    • 378831
650 -Hasło przedmiotowe [ ,7]
    • a
    • Hasło przedmiotowe
    • Choroby z niewłaściwego żywienia
    • x
    • Określnik rzeczowy
    • zapobieganie.
    • 2
    • Źródło terminu
    • kaba
    • 9
    • KHW
    • 378830
650 -Hasło przedmiotowe [ ,7]
    • a
    • Hasło przedmiotowe
    • Otyłość
    • x
    • Określnik rzeczowy
    • zapobieganie.
    • 2
    • Źródło terminu
    • kaba
    • 9
    • KHW
    • 384214
700 -Hasło dodatkowe - nazwa osobowa [1, ]
    • a
    • Nazwa osobowa (NP)
    • Jarosz, Mirosław. Find
    • e
    • Określenie rodzaju współpracy
    • Red.
    • 9
    • KHW
    • 65875
700 -Hasło dodatkowe - nazwa osobowa [1, ]
    • a
    • Nazwa osobowa (NP)
    • Chabros, Elżbieta. Find
    • 9
    • KHW
    • 416788
700 -Hasło dodatkowe - nazwa osobowa [1, ]
    • a
    • Nazwa osobowa (NP)
    • Charzewska, Jadwiga. Find
    • 9
    • KHW
    • 416775
700 -Hasło dodatkowe - nazwa osobowa [1, ]
    • a
    • Nazwa osobowa (NP)
    • Chwojnowska, Zofia. Find
    • 9
    • KHW
    • 416793
700 -Hasło dodatkowe - nazwa osobowa [1, ]
    • a
    • Nazwa osobowa (NP)
    • Figurska, Katarzyna Find
    • c
    • Dopowiedzenie inne niż daty biograficzne (NP)
    • (technologia żywienia).
    • 9
    • KHW
    • 416794
700 -Hasło dodatkowe - nazwa osobowa [1, ]
    • a
    • Nazwa osobowa (NP)
    • Kłosiewicz-Latoszek, Longina. Find
    • 9
    • KHW
    • 416776
700 -Hasło dodatkowe - nazwa osobowa [1, ]
    • a
    • Nazwa osobowa (NP)
    • Kunachowicz, Hanna. Find
    • 9
    • KHW
    • 29157
700 -Hasło dodatkowe - nazwa osobowa [1, ]
    • a
    • Nazwa osobowa (NP)
    • Mojska, Hanna. Find
    • 9
    • KHW
    • 416777
700 -Hasło dodatkowe - nazwa osobowa [1, ]
    • a
    • Nazwa osobowa (NP)
    • Nowicka, Grażyna Find
    • c
    • Dopowiedzenie inne niż daty biograficzne (NP)
    • (medycyna).
    • 9
    • KHW
    • 416778
700 -Hasło dodatkowe - nazwa osobowa [1, ]
    • a
    • Nazwa osobowa (NP)
    • Ołtarzewski, Maciej. Find
    • 9
    • KHW
    • 416795
700 -Hasło dodatkowe - nazwa osobowa [1, ]
    • a
    • Nazwa osobowa (NP)
    • Paczkowska, Małgorzata. Find
    • 9
    • KHW
    • 416792
700 -Hasło dodatkowe - nazwa osobowa [1, ]
    • a
    • Nazwa osobowa (NP)
    • Panczenko-Kresowska, Bogumiła. Find
    • 9
    • KHW
    • 416786
700 -Hasło dodatkowe - nazwa osobowa [1, ]
    • a
    • Nazwa osobowa (NP)
    • Przygoda, Beata. Find
    • 9
    • KHW
    • 416789
700 -Hasło dodatkowe - nazwa osobowa [1, ]
    • a
    • Nazwa osobowa (NP)
    • Respondek, Wioleta. Find
    • 9
    • KHW
    • 416779
700 -Hasło dodatkowe - nazwa osobowa [1, ]
    • a
    • Nazwa osobowa (NP)
    • Rychlik, Ewa. Find
    • 9
    • KHW
    • 416780
700 -Hasło dodatkowe - nazwa osobowa [1, ]
    • a
    • Nazwa osobowa (NP)
    • Sekuła, Włodzimierz. Find
    • 9
    • KHW
    • 416781
700 -Hasło dodatkowe - nazwa osobowa [1, ]
    • a
    • Nazwa osobowa (NP)
    • Stoś, Katarzyna. Find
    • 9
    • KHW
    • 416782
700 -Hasło dodatkowe - nazwa osobowa [1, ]
    • a
    • Nazwa osobowa (NP)
    • Szostak, Wiktor Bogdan Find
    • d
    • Daty biograficzne (NP)
    • (1933-2025).
    • 9
    • KHW
    • 416783
700 -Hasło dodatkowe - nazwa osobowa [1, ]
    • a
    • Nazwa osobowa (NP)
    • Szostak-Węgierek, Dorota. Find
    • 9
    • KHW
    • 416787
700 -Hasło dodatkowe - nazwa osobowa [1, ]
    • a
    • Nazwa osobowa (NP)
    • Szponar, Lucjan. Find
    • 9
    • KHW
    • 416784
700 -Hasło dodatkowe - nazwa osobowa [1, ]
    • a
    • Nazwa osobowa (NP)
    • Traczyk, Iwona. Find
    • 9
    • KHW
    • 416785
700 -Hasło dodatkowe - nazwa osobowa [1, ]
    • a
    • Nazwa osobowa (NP)
    • Wajszczyk, Bożena. Find
    • 9
    • KHW
    • 416790
700 -Hasło dodatkowe - nazwa osobowa [1, ]
    • a
    • Nazwa osobowa (NP)
    • Walkiewicz, Alicja. Find
    • 9
    • KHW
    • 416796
700 -Hasło dodatkowe - nazwa osobowa [1, ]
    • a
    • Nazwa osobowa (NP)
    • Wojtasik, Anna Find
    • c
    • Dopowiedzenie inne niż daty biograficzne (NP)
    • (medycyna).
    • 9
    • KHW
    • 416791
710 -Hasło dodatkowe - nazwa ciała zbiorowego [2, ]
    • a
    • Nazwa ciała zbiorowego lub nazwa geograficzna jako pierwszy element (NP)
    • Wydawnictwo Lekarskie PZWL.
    • 4
    • Kod relacji
    • pbl
    • 9
    • KHW
    • 57488
710 -Hasło dodatkowe - nazwa ciała zbiorowego [2, ]
    • a
    • Nazwa ciała zbiorowego lub nazwa geograficzna jako pierwszy element (NP)
    • Instytut Żywności i Żywienia.
    • 4
    • Kod relacji
    • pbl
    • 9
    • KHW
    • 86929
856 -Dostęp do wersji elektronicznej [4,8]
    • 3
    • Wyszczególnienie materiału
    • Okładka
856 -Dostęp do wersji elektronicznej [4,1]
    • 3
    • Wyszczególnienie materiału
    • Spis treści
920 -ISBN [ , ]
    • a
    • ISBN
    • 978-83-200-3421-9 Find
Sygnatura Status udost. Lokalizacja Data inwentaryzacji Numer inwentarzowy
Żywienie, nadwaga 501BM2017-05-31WF.10042